Histoire du drapeau du Burundi - Statistiques

Statistiques générales
  • Ce quiz a été pris 75 fois
  • Le résultat moyen est 3 sur 6
Statistiques - réponses
Hint Réponse % Correct
Troisième drapeau du Burundi (drapeau actuel depuis 1967)
81%
Afrique orientale allemande (1885-1919)
64%
Ruanda-Urundi (1919-1962)
58%
Deuxième drapeau du Burundi (1966-1967)
50%
Premier drapeau du Burundi (1966)
44%
Royaume du Burundi (1962-1966)
19%
Aucun quiz correspondant
Distribution des résultats
% des personnes avec chaque résultat
Percentile par nombre de réponses
Votre historique - résultats
Vous n’avez pas pris ce quiz